000 00926nas a2200301 4500
001 BR0808117
003 BR-BrBNA
005 20231205112816.0
007 ta
008 230509b bl.|||p| |||| 00| 00por d
040 _aBR-BrBNA
_bpor
_cBiblioteca Nacional de Agricultura
041 _a(En)
072 _aL50; L53
100 1 _aBarnabé, R.C.
100 1 _aBarnabé, V.H.
100 1 _aOliveira, C.A.
100 1 _aArruda, R.P. de
100 1 _aValentim, R.
100 1 _aZogno, M.A
245 1 _aBiochemical study of semen of buffaloes. 1- Determinations of fructose, calcium, GOT and GPT
650 _aBUFALO
650 _aBIOLOGIA ANIMAL
650 _aREPRODUÇÃO ANIMAL
650 _aSÊMEN
773 0 _tBrazilian Journal of Veterinary Research and Animal Science (Brazil)
_xISSN 1413-9596
_g(1993), v. 30(1) p. 43-45
_wBR0808117
909 _a202311
_bLúcia
_c55
_dLúcia Elande
942 _2AGRIS
_n0
_cANA
999 _c200111
_d200111